LEADER 00880nam0 2200289 450 001 000007657 005 20080609120629.0 010 $a88-420-4341-9 100 $a20070306d2006----km-y0itay50------ba 101 0 $aita 102 $aIT 105 $aa-------001yy 200 1 $aManuale di rilevamento architettonico e urbano$fMario Ducci, Diego Maestri 205 $a9. ed. 210 $aRoma$cEditori Laterza$dc2006 215 $aVIII, 348 p$cill.$d24x24 cm 225 2 $aGrandi opere 410 0$12001$aGranci opere 610 1 $aDisegno architettonico$aManuali 676 $a720.284$v20 700 1$aDocci,$bMario$0438339 701 1$aMaestri,$bDiego$06358 801 0$aIT$bUNIPARTHENOPE$c20070306$gRICA$2UNIMARC 912 $a000007657 951 $aP1 720-M/2$b39191$cPIST$d2007 996 $aManuale di rilevamento architettonico e urbano$9103030 997 $aUNIPARTHENOPE